000 00843nam a2200253 a 4500
001 58713
003 BD-RjUL
005 20211209080641.0
008 161219s1980 cau b 001 0 eng
020 _a0875894690
035 _a(BD-RjUL)58837
040 _aDLC
_cDLC
_dBD-RjUL
_beng
041 _aeng
082 0 0 _a338.87
_223
_bPEI 1980
100 1 _aPennings, Johannes M.
_9174515
245 1 0 _aInterlocking directorates :
_borigins and consequences of connections among organizations' Boards of Directors /
_cJohannes M. Pennings.
250 _a1st ed.
260 _aSan Francisco, Calif. :
_bJossey-Bass publication,
_cc1980.
300 _axvi, 220 p. ;
_c24 cm.
504 _aIncludes index and Bibliography: p. 199-209.
650 0 _aInterlocking directorates
_zUnited States.
_9174516
942 _2ddc
_cBK
999 _c58713
_d58713